On This Day: April 29th II Quiz Stats

 Plays Quiz Updated Apr 29, 2018

Score 0/7 Timer 03:00
0 Plays Today
Question Answer Wrong Answers
Riots occur in this American city following the acquittal of four police officers who had been charged with using excessive force in the beating of Rodney King.
1992
Los Angeles
88.5%
Houston
1.8%
St. Louis
3.9%
Chicago
4.2%
This American comedian and actor, widely known for his self-titled sitcom which he created and co-wrote with Larry David, is born.
1954
Jerry Seinfeld
85.3%
Stephen Colbert
1.7%
Garry Shandling
10.7%
Jason Alexander
1.3%
The first edition of Peter Roget’s ______ is published.
1852
Thesaurus
79.9%
Dictionary
5.7%
Almanac
8.8%
Atlas
5.4%
Known as Operation Frequent Wind, the US begins to evacuate American and Vietnamese citizens in this city prior to an expected North Vietnamese takeover.
1975
Saigon
75.2%
Bangkok
1.3%
Phnom Penh
5.3%
Hanoi
16.9%
This rock musical by Jonathan Larson, featuring performances by Idina Menzel and Taye Diggs, makes its Broadway debut.
1996
Rent
65.2%
Hairspray
14.3%
Mamma Mia!
11.8%
Cats
6.8%
United States troops liberate this concentration camp, the first of the Nazi concentration camps opened in Germany.
1945
Dachau
46.2%
Warsaw
1.9%
Auschwitz-Birkenau
49.4%
Gross-Rosen
2.3%
The International Military Tribunal for the Far East convenes and indicts former Prime Minister of Japan ______ and 28 former Japanese leaders for war crimes.
1946
Hideki Tōjō
39.5%
Hirohito
48.1%
Isoroku Yamamoto
9.2%
Seishirō Itagaki
2.6%

You're not logged in!

Compare scores with friends on all Sporcle quizzes.
OR
Log In

Sporcle TV

Today on Sporcle TV


Watch our educational content, quiz creation guides, and fun videos on Sporcle TV.

Show Comments

Extras

Top Quizzes Today


Score Distribution

Your Account Isn't Verified!

In order to create a playlist on Sporcle, you need to verify the email address you used during registration. Go to your Sporcle Settings to finish the process.

Report this User

Report this user for behavior that violates our Community Guidelines.

Details: